[Event "DEM U18 2020"]
[Site "Willingen GER"]
[Date "2020.10.21"]
[Round "3"]
[White "Stork, Oliver"]
[Black "Richter, Nils"]
[Result "1/2-1/2"]
[Termination "normal"]
[Board "1"]
[WhiteTitle "FM"]
[WhiteElo "2371"]
[BlackElo "2290"]
[WhiteClock "00:01:00"]
[BlackClock "00:22:38"]
[PlyCount "68"]
[WhiteFideId "12955728"]
[BlackFideId "12990809"]
[EventCountry "GER"]
[EventRounds "7"]
[EventType "swiss"]
[EventDate "2020.10.19"]

1. d4 {[%clk 1:30:58]} Nf6 {[%clk 1:30:32]} 2. Bf4 {[%clk 1:31:20]} e6 {[%clk
1:30:40]} 3. e3 {[%clk 1:31:02]} d5 {[%clk 1:30:42]} 4. Nf3 {[%clk 1:31:07]}
Bd6 {[%clk 1:30:47]} 5. Nbd2 {[%clk 1:31:14]} O-O {[%clk 1:30:12]} 6. Bd3
{[%clk 1:31:12]} c5 {[%clk 1:26:45]} 7. dxc5 {[%clk 1:23:36]} Bxf4 {[%clk
1:24:02]} 8. exf4 {[%clk 1:23:59]} Qc7 {[%clk 1:23:44]} 9. g3 {[%clk 1:23:41]}
Qxc5 {[%clk 1:22:23]} 10. O-O {[%clk 1:21:36]} b6 {[%clk 1:20:44]} 11. Qe2
{[%clk 1:13:44]} a5 {[%clk 1:19:30]} 12. Nb3 {[%clk 1:06:29]} Qd6 {[%clk
1:14:44]} 13. Nbd4 {[%clk 1:05:48]} Ba6 {[%clk 1:14:52]} 14. Bxa6 {[%clk
0:59:29]} Nxa6 {[%clk 1:15:06]} 15. f5 {[%clk 0:59:47]} Nc5 {[%clk 1:09:21]}
16. Rad1 {[%clk 0:40:41]} Rae8 {[%clk 1:05:04]} 17. fxe6 {[%clk 0:40:43]} fxe6
{[%clk 1:05:20]} 18. c4 {[%clk 0:36:10]} Nfe4 {[%clk 0:52:33]} 19. Nb5 {[%clk
0:32:50]} Qd8 {[%clk 0:51:35]} 20. Nfd4 {[%clk 0:31:52]} Qg5 {[%clk 0:42:30]}
21. f3 {[%clk 0:18:00]} Nxg3 {[%clk 0:40:16]} 22. hxg3 {[%clk 0:16:53]} Qxg3+
{[%clk 0:40:44]} 23. Qg2 {[%clk 0:17:16]} Qf4 {[%clk 0:40:27]} 24. Qd2 {[%clk
0:14:38]} Qg3+ {[%clk 0:39:58]} 25. Qg2 {[%clk 0:15:04]} Qf4 {[%clk 0:40:22]}
26. Nc2 {[%clk 0:09:25]} e5 {[%clk 0:37:09]} 27. Qg4 {[%clk 0:03:43]} dxc4
{[%clk 0:36:54]} 28. Qxf4 {[%clk 0:01:47]} Rxf4 {[%clk 0:37:21]} 29. Ne3 {[%clk
0:01:40]} Re6 {[%clk 0:33:42]} 30. Rd6 {[%clk 0:01:29]} Kf7 {[%clk 0:28:26]}
31. Kg2 {[%clk 0:00:59]} Nd3 {[%clk 0:27:50]} 32. b3 {[%clk 0:00:36]} Rh4
{[%clk 0:25:03]} 33. Rh1 {[%clk 0:00:33]} Nf4+ {[%clk 0:24:47]} 34. Kg1 {[%clk
0:01:00]} Ne2+ {[%clk 0:22:38]} 1/2-1/2

[Event "DEM U18 2020"]
[Site "Willingen GER"]
[Date "2020.10.21"]
[Round "3"]
[White "Suvorov, Alexander"]
[Black "Wachinger, Nikolas"]
[Result "1-0"]
[Termination "normal"]
[Board "2"]
[WhiteTitle "FM"]
[WhiteElo "2313"]
[BlackElo "2334"]
[WhiteClock "01:16:22"]
[BlackClock "00:17:18"]
[PlyCount "49"]
[WhiteFideId "12977063"]
[BlackFideId "12962791"]
[EventCountry "GER"]
[EventRounds "7"]
[EventType "swiss"]
[EventDate "2020.10.19"]

1. d4 {[%clk 1:30:57]} Nf6 {[%clk 1:30:52]} 2. c4 {[%clk 1:31:14]} e6 {[%clk
1:31:14]} 3. Nc3 {[%clk 1:31:37]} Bb4 {[%clk 1:31:37]} 4. e3 {[%clk 1:31:59]}
O-O {[%clk 1:31:57]} 5. Bd2 {[%clk 1:32:24]} d5 {[%clk 1:32:17]} 6. Nf3 {[%clk
1:32:43]} b6 {[%clk 1:32:38]} 7. cxd5 {[%clk 1:33:03]} exd5 {[%clk 1:33:05]} 8.
Rc1 {[%clk 1:33:26]} Bb7 {[%clk 1:33:17]} 9. Bd3 {[%clk 1:33:24]} Nbd7 {[%clk
1:33:38]} 10. O-O {[%clk 1:33:07]} Be7 {[%clk 1:34:01]} 11. Ne5 {[%clk
1:33:06]} Nxe5 {[%clk 1:34:11]} 12. dxe5 {[%clk 1:32:52]} Nd7 {[%clk 1:34:32]}
13. f4 {[%clk 1:33:07]} Nc5 {[%clk 1:34:53]} 14. Bb1 {[%clk 1:33:26]} d4 {[%clk
1:35:15]} 15. Nb5 {[%clk 1:33:49]} d3 {[%clk 1:35:24]} 16. Nd4 {[%clk 1:34:09]}
a5 {[%clk 1:35:46]} 17. Qg4 {[%clk 1:34:11]} g6 {[%clk 1:15:28]} 18. f5 {[%clk
1:34:16]} Ne4 {[%clk 1:04:22]} 19. Bxd3 {[%clk 1:32:30]} Nxd2 {[%clk 1:03:49]}
20. fxg6 {[%clk 1:32:50]} fxg6 {[%clk 0:21:04]} 21. Bxg6 {[%clk 1:31:04]} Rxf1+
{[%clk 0:20:43]} 22. Rxf1 {[%clk 1:31:26]} Nxf1 {[%clk 0:20:56]} 23. Ne6 {[%clk
1:20:28]} Qf8 {[%clk 0:19:20]} 24. Nxf8 {[%clk 1:19:57]} Rxf8 {[%clk 0:17:18]}
25. Qe6+ {[%clk 1:16:22]} 1-0

[Event "DEM U18 2020"]
[Site "Willingen GER"]
[Date "2020.10.21"]
[Round "3"]
[White "Mätzkow, Maximilian Paul"]
[Black "Roseneck, Jonas"]
[Result "1/2-1/2"]
[Termination "normal"]
[Board "3"]
[BlackTitle "FM"]
[WhiteElo "2242"]
[BlackElo "2417"]
[WhiteClock "00:38:09"]
[BlackClock "00:02:48"]
[PlyCount "70"]
[WhiteFideId "24679933"]
[BlackFideId "12939870"]
[EventCountry "GER"]
[EventRounds "7"]
[EventType "swiss"]
[EventDate "2020.10.19"]

1. e4 {[%clk 1:30:58]} c5 {[%clk 1:30:57]} 2. Nf3 {[%clk 1:31:24]} d6 {[%clk
1:31:24]} 3. Bb5+ {[%clk 1:31:51]} Nd7 {[%clk 1:31:50]} 4. Ba4 {[%clk 1:32:12]}
Ngf6 {[%clk 1:32:16]} 5. O-O {[%clk 1:32:35]} a6 {[%clk 1:32:43]} 6. c4 {[%clk
1:33:00]} g6 {[%clk 1:33:11]} 7. Nc3 {[%clk 1:33:25]} Bg7 {[%clk 1:33:37]} 8.
d3 {[%clk 1:33:40]} O-O {[%clk 1:34:01]} 9. h3 {[%clk 1:33:34]} Ne8 {[%clk
1:34:00]} 10. Rb1 {[%clk 1:29:52]} Nc7 {[%clk 1:32:51]} 11. Bd2 {[%clk
1:28:38]} b5 {[%clk 0:50:04]} 12. cxb5 {[%clk 1:26:56]} Nb6 {[%clk 0:48:38]}
13. bxa6 {[%clk 1:21:28]} Nxa4 {[%clk 0:46:52]} 14. Qxa4 {[%clk 1:18:16]} Bxa6
{[%clk 0:37:37]} 15. Qc2 {[%clk 1:18:21]} d5 {[%clk 0:36:35]} 16. e5 {[%clk
1:17:35]} Qd7 {[%clk 0:36:38]} 17. Rfe1 {[%clk 1:16:57]} Qf5 {[%clk 0:36:22]}
18. Rbc1 {[%clk 1:10:12]} Bxd3 {[%clk 0:34:33]} 19. Qd1 {[%clk 1:10:37]} Be4
{[%clk 0:28:08]} 20. Nxe4 {[%clk 1:09:04]} dxe4 {[%clk 0:28:22]} 21. Ng5 {[%clk
1:08:58]} Qxe5 {[%clk 0:19:28]} 22. Nxe4 {[%clk 1:07:17]} Qxb2 {[%clk 0:19:21]}
23. Rxc5 {[%clk 1:07:09]} Ne6 {[%clk 0:19:02]} 24. Rc2 {[%clk 1:07:03]} Qb7
{[%clk 0:16:19]} 25. Bc3 {[%clk 1:05:38]} Rfd8 {[%clk 0:16:48]} 26. Qf3 {[%clk
1:05:43]} Qc8 {[%clk 0:13:58]} 27. Rec1 {[%clk 1:05:50]} Bxc3 {[%clk 0:14:21]}
28. Rxc3 {[%clk 1:03:32]} Nd4 {[%clk 0:14:45]} 29. Qe3 {[%clk 1:02:14]} Qa6
{[%clk 0:13:46]} 30. Ng3 {[%clk 1:02:11]} Qd6 {[%clk 0:11:48]} 31. Rc7 {[%clk
0:53:06]} Ne6 {[%clk 0:10:22]} 32. Ne4 {[%clk 0:48:24]} Qb4 {[%clk 0:07:58]}
33. R7c4 {[%clk 0:43:24]} Qb2 {[%clk 0:04:47]} 34. a4 {[%clk 0:40:43]} Ra5
{[%clk 0:04:08]} 35. Nc5 {[%clk 0:38:09]} Nxc5 {[%clk 0:02:48]} 1/2-1/2

[Event "DEM U18 2020"]
[Site "Willingen GER"]
[Date "2020.10.21"]
[Round "3"]
[White "Schmider, Niklas"]
[Black "Woelk, Tom-Frederic"]
[Result "1-0"]
[Termination "normal"]
[Board "4"]
[WhiteElo "2291"]
[BlackElo "2253"]
[WhiteClock "00:01:49"]
[BlackClock "00:03:22"]
[PlyCount "59"]
[WhiteFideId "12993778"]
[BlackFideId "12993077"]
[EventCountry "GER"]
[EventRounds "7"]
[EventType "swiss"]
[EventDate "2020.10.19"]

1. e4 {[%clk 1:30:59]} e5 {[%clk 1:29:41]} 2. Nf3 {[%clk 1:27:43]} Nc6 {[%clk
1:30:06]} 3. Bb5 {[%clk 1:28:03]} g6 {[%clk 1:30:33]} 4. c3 {[%clk 1:28:12]} a6
{[%clk 1:30:57]} 5. Ba4 {[%clk 1:28:35]} Bg7 {[%clk 1:31:17]} 6. d4 {[%clk
1:28:17]} exd4 {[%clk 1:31:41]} 7. cxd4 {[%clk 1:28:39]} b5 {[%clk 1:32:09]} 8.
Bb3 {[%clk 1:28:46]} Nge7 {[%clk 1:27:55]} 9. d5 {[%clk 1:28:49]} Na5 {[%clk
1:28:10]} 10. Bd2 {[%clk 1:28:22]} c5 {[%clk 1:22:34]} 11. Bc3 {[%clk 1:23:41]}
Bxc3+ {[%clk 1:20:40]} 12. Nxc3 {[%clk 1:23:53]} d6 {[%clk 1:20:06]} 13. Qd2
{[%clk 1:12:06]} O-O {[%clk 1:14:50]} 14. h4 {[%clk 1:05:31]} f6 {[%clk
1:08:24]} 15. h5 {[%clk 1:02:18]} g5 {[%clk 1:06:16]} 16. Ne2 {[%clk 0:55:23]}
h6 {[%clk 0:52:43]} 17. Ng3 {[%clk 0:46:14]} Kg7 {[%clk 0:39:40]} 18. O-O
{[%clk 0:33:49]} b4 {[%clk 0:27:28]} 19. Nh2 {[%clk 0:30:06]} Qb6 {[%clk
0:27:14]} 20. Bd1 {[%clk 0:28:24]} Bd7 {[%clk 0:22:35]} 21. f4 {[%clk 0:23:45]}
c4+ {[%clk 0:21:36]} 22. Kh1 {[%clk 0:24:00]} Rac8 {[%clk 0:16:45]} 23. Rc1
{[%clk 0:21:59]} c3 {[%clk 0:12:00]} 24. bxc3 {[%clk 0:17:54]} Nc4 {[%clk
0:12:26]} 25. Qe1 {[%clk 0:15:12]} Qe3 {[%clk 0:10:22]} 26. Bb3 {[%clk
0:10:39]} gxf4 {[%clk 0:09:50]} 27. Ne2 {[%clk 0:09:33]} Nd2 {[%clk 0:03:13]}
28. Rxf4 {[%clk 0:09:24]} bxc3 {[%clk 0:03:42]} 29. Nf1 {[%clk 0:01:28]} Nxf1
{[%clk 0:03:22]} 30. Rxf1 {[%clk 0:01:49]} 1-0

[Event "DEM U18 2020"]
[Site "Willingen GER"]
[Date "2020.10.21"]
[Round "3"]
[White "Gutkin, Ilya"]
[Black "Tschernatsch, Johannes"]
[Result "1/2-1/2"]
[Termination "normal"]
[Board "5"]
[WhiteElo "2203"]
[BlackElo "2251"]
[WhiteClock "00:24:21"]
[BlackClock "01:01:23"]
[PlyCount "61"]
[WhiteFideId "16203470"]
[BlackFideId "16223977"]
[EventCountry "GER"]
[EventRounds "7"]
[EventType "swiss"]
[EventDate "2020.10.19"]

1. Nf3 {[%clk 1:30:53]} Nf6 {[%clk 1:30:36]} 2. g3 {[%clk 1:31:17]} g6 {[%clk
1:31:02]} 3. b3 {[%clk 1:31:33]} Bg7 {[%clk 1:31:16]} 4. Bb2 {[%clk 1:31:58]}
b6 {[%clk 1:31:22]} 5. Bg2 {[%clk 1:32:07]} Bb7 {[%clk 1:31:47]} 6. O-O {[%clk
1:32:19]} O-O {[%clk 1:32:07]} 7. c4 {[%clk 1:32:44]} c5 {[%clk 1:32:29]} 8. d4
cxd4 9. Qxd4 Nc6 10. Qf4 {[%clk 1:30:17]} d6 {[%clk 1:26:23]} 11. Nc3 {[%clk
1:29:10]} Ne5 {[%clk 1:15:46]} 12. Rad1 {[%clk 1:16:17]} Nxf3+ {[%clk 1:15:07]}
13. Bxf3 {[%clk 1:14:14]} Bxf3 {[%clk 1:15:31]} 14. Qxf3 {[%clk 1:10:34]} Qd7
{[%clk 1:15:35]} 15. Nd5 Nxd5 16. Bxg7 {[%clk 1:02:14]} Kxg7 {[%clk 1:15:54]}
17. Rxd5 {[%clk 1:01:31]} Qe6 {[%clk 1:14:29]} 18. Rfd1 Rac8 19. e4 {[%clk
0:48:56]} Rc7 {[%clk 1:11:58]} 20. Qe3 {[%clk 0:45:49]} Rfc8 {[%clk 1:10:59]}
21. e5 {[%clk 0:40:03]} dxe5 {[%clk 1:11:13]} 22. Rxe5 {[%clk 0:40:29]} Qf6
{[%clk 1:11:00]} 23. a4 {[%clk 0:27:37]} e6 {[%clk 1:07:41]} 24. a5 {[%clk
0:24:21]} Rc5 {[%clk 1:01:23]} 25. f4 Rxa5 26. Rxa5 bxa5 27. Qxa7 Qc3 28. Qd4+
Qxd4+ 29. Rxd4 Rb8 30. Rd3 Kf6 31. Kf2 1/2-1/2

[Event "DEM U18 2020"]
[Site "Willingen GER"]
[Date "2020.10.21"]
[Round "3"]
[White "Huber, Benedikt"]
[Black "Färber, David"]
[Result "0-1"]
[Termination "normal"]
[Board "6"]
[WhiteElo "2191"]
[BlackElo "2321"]
[WhiteClock "00:06:15"]
[BlackClock "00:08:07"]
[PlyCount "64"]
[WhiteFideId "12923583"]
[BlackFideId "12971294"]
[EventCountry "GER"]
[EventRounds "7"]
[EventType "swiss"]
[EventDate "2020.10.19"]

1. d4 {[%clk 1:30:57]} Nf6 {[%clk 1:30:44]} 2. c4 {[%clk 1:30:56]} c5 {[%clk
1:29:46]} 3. d5 {[%clk 1:31:07]} b5 {[%clk 1:29:49]} 4. Nf3 {[%clk 1:31:17]} g6
{[%clk 1:30:04]} 5. e4 {[%clk 1:30:59]} Nxe4 {[%clk 1:25:33]} 6. Bd3 {[%clk
1:31:19]} Nf6 {[%clk 1:22:47]} 7. cxb5 {[%clk 1:30:46]} d6 {[%clk 1:19:21]} 8.
O-O {[%clk 1:28:24]} Bg7 {[%clk 1:18:43]} 9. Nc3 {[%clk 1:27:10]} O-O {[%clk
1:19:03]} 10. a4 {[%clk 1:21:52]} a6 {[%clk 1:14:01]} 11. Re1 {[%clk 1:15:11]}
axb5 {[%clk 1:07:16]} 12. Bxb5 {[%clk 1:15:15]} Ba6 {[%clk 1:07:30]} 13. Ra3
{[%clk 1:05:32]} Bxb5 {[%clk 0:38:31]} 14. Nxb5 {[%clk 1:05:45]} Na6 {[%clk
0:38:45]} 15. Rae3 {[%clk 1:02:13]} Re8 {[%clk 0:38:00]} 16. R3e2 {[%clk
0:59:07]} Nb4 {[%clk 0:33:10]} 17. Nc3 {[%clk 0:55:33]} Qd7 {[%clk 0:30:41]}
18. Ng5 {[%clk 0:41:12]} c4 {[%clk 0:23:41]} 19. Qd4 {[%clk 0:20:46]} Nd3
{[%clk 0:19:06]} 20. Rd1 {[%clk 0:19:49]} Qg4 {[%clk 0:16:35]} 21. Qxg4 {[%clk
0:09:46]} Nxg4 {[%clk 0:16:59]} 22. Nb5 {[%clk 0:09:52]} Rxa4 {[%clk 0:14:43]}
23. h3 {[%clk 0:07:38]} Nge5 {[%clk 0:10:45]} 24. f4 {[%clk 0:08:01]} Nxc1
{[%clk 0:11:01]} 25. Rxc1 {[%clk 0:08:19]} Nd3 {[%clk 0:11:24]} 26. Rf1 {[%clk
0:08:11]} h6 {[%clk 0:09:14]} 27. Ne4 {[%clk 0:04:50]} Rb8 {[%clk 0:09:18]} 28.
Nec3 {[%clk 0:04:58]} Rb4 {[%clk 0:08:24]} 29. Rxe7 {[%clk 0:05:04]} R4xb5
{[%clk 0:07:55]} 30. Nxb5 {[%clk 0:05:32]} Rxb5 {[%clk 0:08:18]} 31. f5 {[%clk
0:05:54]} gxf5 {[%clk 0:07:46]} 32. Rxf5 {[%clk 0:06:15]} Ne5 {[%clk 0:08:07]}
0-1

[Event "DEM U18 2020"]
[Site "Willingen GER"]
[Date "2020.10.21"]
[Round "3"]
[White "Knüdel, Torben"]
[Black "Vogt, Dustin"]
[Result "1-0"]
[Termination "normal"]
[Board "7"]
[WhiteElo "2211"]
[BlackElo "1829"]
[WhiteClock "00:25:23"]
[BlackClock "00:01:01"]
[PlyCount "57"]
[WhiteFideId "16208820"]
[BlackFideId "16244567"]
[EventCountry "GER"]
[EventRounds "7"]
[EventType "swiss"]
[EventDate "2020.10.19"]

1. e4 {[%clk 1:30:57]} c5 {[%clk 1:30:55]} 2. Nf3 {[%clk 1:31:23]} Nc6 {[%clk
1:31:20]} 3. Nc3 {[%clk 1:31:50]} g6 {[%clk 1:31:42]} 4. d4 {[%clk 1:32:14]}
cxd4 {[%clk 1:31:56]} 5. Nxd4 {[%clk 1:32:38]} Bg7 {[%clk 1:32:20]} 6. Be3
{[%clk 1:33:04]} Nf6 {[%clk 1:32:39]} 7. Bc4 {[%clk 1:33:30]} O-O {[%clk
1:32:58]} 8. Bb3 {[%clk 1:33:55]} d6 {[%clk 1:33:16]} 9. f3 {[%clk 1:33:03]}
Bd7 {[%clk 1:33:33]} 10. Qd2 {[%clk 1:33:13]} Nxd4 {[%clk 1:33:12]} 11. Bxd4
{[%clk 1:33:20]} b5 {[%clk 1:33:35]} 12. Nd5 {[%clk 1:28:21]} Nxd5 {[%clk
1:24:50]} 13. Bxg7 {[%clk 1:27:57]} Kxg7 {[%clk 1:25:14]} 14. exd5 {[%clk
1:26:26]} a5 {[%clk 1:24:06]} 15. a3 {[%clk 1:25:14]} Qb6 {[%clk 1:20:57]} 16.
O-O-O {[%clk 1:15:53]} Rfc8 {[%clk 0:56:06]} 17. g4 {[%clk 1:01:22]} Ra7 {[%clk
0:20:37]} 18. h4 {[%clk 0:51:17]} h6 {[%clk 0:11:48]} 19. h5 {[%clk 0:46:57]}
g5 {[%clk 0:12:12]} 20. f4 {[%clk 0:38:18]} f6 {[%clk 0:12:24]} 21. fxg5 {[%clk
0:35:48]} hxg5 {[%clk 0:12:43]} 22. Qd3 {[%clk 0:34:20]} Be8 {[%clk 0:08:54]}
23. c3 {[%clk 0:32:30]} e5 {[%clk 0:03:18]} 24. dxe6 {[%clk 0:29:58]} b4 {[%clk
0:02:51]} 25. h6+ {[%clk 0:25:41]} Kh8 {[%clk 0:02:45]} 26. Qf5 {[%clk
0:25:20]} Qe3+ {[%clk 0:00:38]} 27. Kb1 {[%clk 0:24:48]} bxc3 {[%clk 0:00:43]}
28. Qxf6+ {[%clk 0:25:05]} Kg8 {[%clk 0:01:01]} 29. e7+ {[%clk 0:25:23]} 1-0

[Event "DEM U18 2020"]
[Site "Willingen GER"]
[Date "2020.10.21"]
[Round "3"]
[White "Besancon, Pascal"]
[Black "Richter, Philipp"]
[Result "0-1"]
[Termination "normal"]
[Board "8"]
[WhiteElo "1915"]
[BlackElo "2254"]
[WhiteClock "00:04:35"]
[BlackClock "00:05:57"]
[PlyCount "68"]
[WhiteFideId "16229991"]
[BlackFideId "16219929"]
[EventCountry "GER"]
[EventRounds "7"]
[EventType "swiss"]
[EventDate "2020.10.19"]

1. e4 {[%clk 1:30:55]} e6 {[%clk 1:30:57]} 2. d4 {[%clk 1:31:13]} d5 {[%clk
1:31:22]} 3. exd5 {[%clk 1:31:10]} exd5 {[%clk 1:31:46]} 4. Bf4 {[%clk
1:31:23]} Nc6 {[%clk 1:29:57]} 5. c3 {[%clk 1:31:18]} Nge7 {[%clk 1:29:02]} 6.
Nf3 {[%clk 1:29:33]} Ng6 {[%clk 1:29:21]} 7. Bg3 {[%clk 1:26:38]} Bd6 {[%clk
1:29:17]} 8. Nbd2 {[%clk 1:24:21]} O-O {[%clk 1:24:55]} 9. Be2 {[%clk 1:23:21]}
Nf4 {[%clk 1:25:13]} 10. O-O {[%clk 1:22:04]} Bf5 {[%clk 1:24:01]} 11. Nh4
{[%clk 1:18:49]} Be6 {[%clk 1:21:03]} 12. Re1 {[%clk 1:14:50]} Qf6 {[%clk
1:20:29]} 13. Bb5 {[%clk 1:05:22]} Ne7 {[%clk 1:16:47]} 14. Nf1 {[%clk
1:02:47]} g5 {[%clk 1:12:13]} 15. Nf3 {[%clk 1:00:47]} Neg6 {[%clk 1:12:17]}
16. Ne3 {[%clk 0:58:01]} Kg7 {[%clk 1:08:28]} 17. c4 {[%clk 0:53:03]} c6 {[%clk
1:04:40]} 18. cxd5 {[%clk 0:52:22]} cxd5 {[%clk 1:04:23]} 19. Bd3 {[%clk
0:34:27]} h5 {[%clk 0:57:27]} 20. Bxg6 {[%clk 0:28:01]} fxg6 {[%clk 0:55:25]}
21. Nf1 {[%clk 0:26:10]} Bg4 {[%clk 0:46:41]} 22. N1d2 {[%clk 0:22:11]} h4
{[%clk 0:42:00]} 23. Bxf4 {[%clk 0:20:17]} Qxf4 {[%clk 0:42:22]} 24. h3 {[%clk
0:16:52]} Bd7 {[%clk 0:24:24]} 25. Qb3 {[%clk 0:16:35]} g4 {[%clk 0:12:06]} 26.
hxg4 {[%clk 0:11:59]} Bc6 {[%clk 0:10:27]} 27. Re6 {[%clk 0:07:44]} Rad8 {[%clk
0:10:05]} 28. Rae1 {[%clk 0:08:07]} Qxg4 {[%clk 0:10:01]} 29. Qe3 {[%clk
0:06:09]} h3 {[%clk 0:09:38]} 30. Qg5 {[%clk 0:06:38]} h2+ {[%clk 0:08:16]} 31.
Kh1 {[%clk 0:07:06]} Qxg5 {[%clk 0:08:36]} 32. Nxg5 {[%clk 0:07:30]} Rxf2
{[%clk 0:08:28]} 33. R1e2 {[%clk 0:06:09]} Rdf8 {[%clk 0:05:46]} 34. Ndf3
{[%clk 0:04:35]} Rf1+ {[%clk 0:05:57]} 0-1

[Event "DEM U18 2020"]
[Site "Willingen GER"]
[Date "2020.10.21"]
[Round "3"]
[White "Stelmaszyk, Nico"]
[Black "Lange, Jannis"]
[Result "1-0"]
[Termination "normal"]
[Board "9"]
[WhiteElo "2301"]
[BlackElo "2126"]
[WhiteClock "00:22:17"]
[BlackClock "00:02:57"]
[PlyCount "75"]
[WhiteFideId "16200462"]
[BlackFideId "12993107"]
[EventCountry "GER"]
[EventRounds "7"]
[EventType "swiss"]
[EventDate "2020.10.19"]

1. e4 {[%clk 1:30:56]} c5 {[%clk 1:30:55]} 2. Nf3 {[%clk 1:31:22]} Nc6 {[%clk
1:31:20]} 3. Nc3 {[%clk 1:31:48]} e5 {[%clk 1:31:20]} 4. Bc4 {[%clk 1:31:41]}
Be7 {[%clk 1:31:23]} 5. d3 {[%clk 1:32:03]} d6 {[%clk 1:31:16]} 6. O-O {[%clk
1:32:25]} Nf6 {[%clk 1:30:49]} 7. Ng5 {[%clk 1:32:48]} O-O {[%clk 1:29:53]} 8.
f4 {[%clk 1:33:13]} Bg4 {[%clk 1:10:09]} 9. Qe1 {[%clk 1:33:27]} exf4 {[%clk
1:10:23]} 10. Bxf4 {[%clk 1:33:51]} Bh5 {[%clk 1:09:55]} 11. Qd2 {[%clk
1:20:28]} Nd7 {[%clk 1:02:40]} 12. Nf3 {[%clk 1:15:42]} Bxf3 {[%clk 0:45:37]}
13. gxf3 {[%clk 1:11:27]} Nde5 {[%clk 0:44:50]} 14. Bb3 {[%clk 1:09:06]} Bf6
{[%clk 0:44:01]} 15. Nd5 {[%clk 1:04:39]} Ng6 {[%clk 0:40:43]} 16. c3 {[%clk
1:01:30]} Nxf4 {[%clk 0:20:08]} 17. Qxf4 {[%clk 1:01:24]} Bg5 {[%clk 0:19:23]}
18. Qg3 {[%clk 0:59:43]} Bh4 {[%clk 0:14:08]} 19. Qh3 {[%clk 0:58:19]} Kh8
{[%clk 0:12:00]} 20. Kh1 {[%clk 0:56:11]} a5 {[%clk 0:07:22]} 21. a4 {[%clk
0:51:19]} g5 {[%clk 0:06:18]} 22. Qf5 {[%clk 0:47:42]} Ne5 {[%clk 0:05:34]} 23.
d4 {[%clk 0:46:44]} cxd4 {[%clk 0:05:04]} 24. cxd4 {[%clk 0:46:37]} Ng6 {[%clk
0:05:25]} 25. Rac1 {[%clk 0:45:58]} Rc8 {[%clk 0:05:46]} 26. Rcd1 {[%clk
0:32:17]} Rc6 {[%clk 0:04:10]} 27. Rg1 {[%clk 0:30:04]} f6 {[%clk 0:02:49]} 28.
Qh3 {[%clk 0:22:56]} Qc8 {[%clk 0:02:57]} 29. Qf1 {[%clk 0:23:18]} Qd7 {[%clk
0:03:01]} 30. Bc4 {[%clk 0:22:06]} Qc8 {[%clk 0:02:33]} 31. Bd3 {[%clk
0:22:16]} Kg7 {[%clk 0:02:32]} 32. f4 {[%clk 0:22:16]} Qd8 {[%clk 0:02:29]} 33.
f5 {[%clk 0:22:25]} Ne7 {[%clk 0:02:05]} 34. Nf4 {[%clk 0:22:47]} Qb6 {[%clk
0:02:18]} 35. Ne6+ {[%clk 0:22:58]} Kf7 {[%clk 0:02:38]} 36. Qe2 {[%clk
0:22:10]} Ke8 {[%clk 0:02:40]} 37. Bb5 {[%clk 0:22:03]} Rf7 {[%clk 0:02:57]}
38. d5 {[%clk 0:22:17]} 1-0

[Event "DEM U18 2020"]
[Site "Willingen GER"]
[Date "2020.10.21"]
[Round "3"]
[White "Lesny, Florian"]
[Black "Pahl, Theis"]
[Result "0-1"]
[Termination "normal"]
[Board "10"]
[WhiteElo "2178"]
[BlackElo "2056"]
[WhiteClock "00:48:20"]
[BlackClock "00:41:54"]
[PlyCount "38"]
[WhiteFideId "12973874"]
[BlackFideId "16201264"]
[EventCountry "GER"]
[EventRounds "7"]
[EventType "swiss"]
[EventDate "2020.10.19"]

1. e4 {[%clk 1:30:58]} c5 {[%clk 1:30:56]} 2. Nf3 {[%clk 1:31:17]} d6 {[%clk
1:31:22]} 3. d4 {[%clk 1:31:36]} cxd4 {[%clk 1:31:47]} 4. Nxd4 {[%clk 1:31:54]}
Nf6 {[%clk 1:32:13]} 5. Nc3 {[%clk 1:32:10]} Nc6 {[%clk 1:32:41]} 6. Bg5 {[%clk
1:32:18]} Qb6 {[%clk 1:33:06]} 7. Nb3 {[%clk 1:29:42]} e6 {[%clk 1:33:27]} 8.
Bf4 {[%clk 1:25:37]} Ne5 {[%clk 1:31:09]} 9. Qd2 {[%clk 1:22:59]} a6 {[%clk
1:28:51]} 10. O-O-O {[%clk 1:21:19]} Be7 {[%clk 1:28:29]} 11. h3 {[%clk
1:17:46]} Qc7 {[%clk 1:23:43]} 12. Kb1 {[%clk 1:11:42]} b5 {[%clk 1:18:50]} 13.
a3 {[%clk 0:57:32]} Bb7 {[%clk 1:15:00]} 14. Qe1 {[%clk 0:56:12]} O-O {[%clk
1:07:39]} 15. g4 {[%clk 0:54:41]} Rfc8 {[%clk 0:57:18]} 16. g5 {[%clk 0:54:09]}
Nxe4 {[%clk 0:48:12]} 17. Nxe4 {[%clk 0:47:44]} Qxc2+ {[%clk 0:48:03]} 18. Ka2
{[%clk 0:47:59]} Qxe4 {[%clk 0:41:34]} 19. Qxe4 {[%clk 0:48:20]} Bxe4 {[%clk
0:41:54]} 0-1